LEADER 01611nam 2200517 a 450 001 9910789905003321 005 20200520144314.0 010 $a1-283-48621-0 010 $a9786613486219 010 $a0-299-28543-X 035 $a(CKB)2670000000184713 035 $a(SSID)ssj0000606993 035 $a(PQKBManifestationID)11355298 035 $a(PQKBTitleCode)TC0000606993 035 $a(PQKBWorkID)10582411 035 $a(PQKB)11424507 035 $a(OCoLC)780273379 035 $a(MdBmJHUP)muse16480 035 $a(Au-PeEL)EBL3445199 035 $a(CaPaEBR)ebr10537604 035 $a(CaONFJC)MIL348621 035 $a(MiAaPQ)EBC3445199 035 $a(EXLCZ)992670000000184713 100 $a20110316d2011 uy 0 101 0 $aeng 135 $aurcn||||||||| 181 $ctxt 182 $cc 183 $acr 200 12$aA commentary to Pushkin's lyric poetry, 1826-1836$b[electronic resource] /$fMichael Wachtel 210 $aMadison $cUniversity of Wisconsin Press$dc2011 215 $axxiv, 404 p 225 1 $aPublications of the Wisconsin Center for Pushkin Studies 300 $aBibliographic Level Mode of Issuance: Monograph 311 $a0-299-28544-8 320 $aIncludes bibliographical references and index. 410 0$aPublications of the Wisconsin Center for Pushkin Studies. 676 $a891.71/3 700 $aWachtel$b Michael$01476984 801 0$bMiAaPQ 801 1$bMiAaPQ 801 2$bMiAaPQ 906 $aBOOK 912 $a9910789905003321 996 $aA commentary to Pushkin's lyric poetry, 1826-1836$93722304 997 $aUNINA LEADER 01498nam 2200553 450 001 9910815535203321 005 20230807193237.0 010 $a1-4214-1802-9 035 $a(CKB)3710000000477590 035 $a(EBL)4398475 035 $a(SSID)ssj0001558212 035 $a(PQKBManifestationID)16183843 035 $a(PQKBTitleCode)TC0001558212 035 $a(PQKBWorkID)14819364 035 $a(PQKB)10382222 035 $a(MiAaPQ)EBC4398475 035 $a(OCoLC)921847377 035 $a(MdBmJHUP)muse46748 035 $a(Au-PeEL)EBL4398475 035 $a(CaPaEBR)ebr11161191 035 $a(EXLCZ)993710000000477590 100 $a20160319h20152015 uy 0 101 0 $aeng 135 $aur|||||||nn|n 181 $ctxt 182 $cc 183 $acr 200 10$aImmunity /$fWilliam E. Paul 210 1$aBaltimore, Maryland :$cJohns Hopkins University Press,$d2015. 210 4$dİ2015 215 $a1 online resource (275 p.) 300 $aIncludes index. 311 $a1-4214-1801-0 320 $aIncludes bibliographical references and index. 606 $aImmunity 606 $aImmune system 606 $aImmunologic diseases 615 0$aImmunity. 615 0$aImmune system. 615 0$aImmunologic diseases. 676 $a616.07 700 $aPaul$b William E.$0101317 801 0$bMiAaPQ 801 1$bMiAaPQ 801 2$bMiAaPQ 906 $aBOOK 912 $a9910815535203321 996 $aImmunity$93930927 997 $aUNINA